Baltimore Quartermaster Intermediate Depot records.

Bibliographic Details
Corporate Author: United States. Army. Quartermaster Corps
Format: Government Document eBook
Language:English
Published: Washington : [publisher not identified], 1922.
Series:Quartermaster Corps Circ. Letter No. 1922/39
Subjects:
Online Access:Connect to the full text of this electronic document

MARC

Tag First Indicator Second Indicator Subfields
LEADER 00000cam a22000001a 4500
001 in00003693721
005 20190408182440.0
006 m o d f
007 cr bn mmmapmmp
008 040322s1922 dcu o f000 0 eng d
035 |a ebd1910310751 
040 |a UMI  |c UMI  |d UtOrBLW 
086 0 |a W 77.22:922/39 
099 |a W77.22-2.39 
245 0 0 |a Baltimore Quartermaster Intermediate Depot records. 
264 1 |a Washington :  |b [publisher not identified],  |c 1922. 
300 |a 1 online resource (1 pages) 
336 |a text  |b txt  |2 rdacontent 
337 |a computer  |b c  |2 rdamedia 
338 |a online resource  |b cr  |2 rdacarrier 
490 0 |a Quartermaster Corps Circ. Letter No. 1922/39 
500 |a [on transfer of records from discontinued depot]. 
500 |a Record is based on bibliographic data in ProQuest U.S. Executive Branch Documents, 1910-1932. Reuse except for individual research requires license from ProQuest, LLC. 
533 |a Electronic reproduction.  |b [Bethesda, Md.] :  |c ProQuest,  |d 2012.  |e digital, PDF file.  |n ProQuest U.S. Executive Branch Documents, 1910-1932.  |n Mode of access: World Wide Web via ProQuest website. 
538 |a System requirements: PDF reader software. 
500 |a Electronic resource. 
650 0 |a Military bases.  |0 http://id.loc.gov/authorities/subjects/sh85085159 
651 0 |a Baltimore (Md.)  |0 http://id.loc.gov/authorities/names/n79006530 
655 7 |a Electronic books.  |2 local 
710 1 |a United States.  |b Army.  |b Quartermaster Corps.  |0 http://id.loc.gov/authorities/names/n82040271 
776 1 8 |i Microfiche version:  |t Baltimore Quartermaster Intermediate Depot records  |o CIS US Exec MF W77.22-2.39  |w (ProQuest)cis191307240 
856 4 0 |u http://proxy.library.tamu.edu/login?url=http://congressional.proquest.com/congressional/docview/t66.d71.w77.22-2.39  |z Connect to the full text of this electronic document  |t 0 
999 f f |s cdc937b0-0b2f-34f8-b8db-860d558d64c3  |i 7aeaa422-1eec-3d84-8f53-22e6178c40df  |t 0 
952 f f |a Texas A&M University  |b College Station  |c Electronic Resources  |d Available Online  |t 0  |h No information provided 
998 f f |t 0  |l Available Online